| 000 | 01247cab a22002055a 4500 | ||
|---|---|---|---|
| 001 | L150284 | ||
| 008 | 100618e2010 xxk 000 0 eng d | ||
| 035 | _a(Sirsi) u150284 | ||
| 041 | 0 | _aeng | |
| 110 | 2 |
_aMarine Management Organisation _95862 |
|
| 245 | 0 | 0 |
_aLaunch of marine body a "defining moment" for our seas _h[electronic resource] |
| 260 | _c2010 | ||
| 490 |
_aMarine Management Organisation _v(07/10) 15 June 2010 |
||
| 520 | _aNational launch of Marine Management Organisation(MMO) which has been operating since April 2010. The new executive non-departmental public body was established under the Marine and Coastal Access Act 2009 and brings together key marine decision making powers. The MMO's role will include being the national champion of sustainable development in our marine and coastal area, implementing a new marine planning system and streamlining the management and regulation of England's fisheries. | ||
| 590 | _aKA NTK | ||
| 650 | 2 | 4 | _aMARINE AND COASTAL ACCESS ACT 2009 |
| 690 | _aPROPERTY-RURAL AND NATURAL ASSETS-MARINE RESOURCES-MARINE RESOURCE MANAGEMENT | ||
| 856 | 4 | 0 |
_uhttps://www.marinemanagement.org.uk/news/press/100615.htm _zView the response free of charge at www.marinemanagement.org.uk |
| 942 | _n0 | ||
| 999 |
_c82440 _d82440 |
||